|
|
|
|
| LEADER |
01149cam a2200289 7i4500 |
| 001 |
0000053859 |
| 005 |
20200907090000.0 |
| 020 |
|
|
|a 9781137465191 (electronic book)
|
| 090 |
0 |
0 |
|a HF5549
|b .H97 2016
|
| 245 |
0 |
0 |
|a Human resource management, innovation and performance
|c edited by Helen Shipton, Pawan Budhwar, Paul Sparrow, and Alan Brown.
|
| 264 |
|
|
|a New York:
|b Palgrave Macmillan,
|c 2016.
|
| 300 |
|
|
|a 1 online resource (xxiii, 352 pages):
|b text file, PDF.
|
| 336 |
|
|
|a text
|2 rdacontent
|
| 337 |
|
|
|a computer
|2 rdamedia
|
| 338 |
|
|
|a online resource
|2 rdacarrier
|
| 504 |
|
|
|a Includes bibliographical references and index
|
| 650 |
|
0 |
|a Personnel management
|
| 650 |
|
0 |
|a Performance
|
| 655 |
|
0 |
|a Electronic books
|
| 700 |
1 |
|
|a Budhwar, Pawan
|
| 700 |
1 |
|
|a Shipton, Helen(
|d 1961-)
|
| 700 |
1 |
|
|a Brown, Alan
|
| 700 |
1 |
|
|a Sparrow, Paul
|
| 856 |
4 |
2 |
|u http://library.unisel.edu.my/equip-unisel/custom/ebook_catalog/ebook/HumanResourceManagement,InnovationandPerformancecompressed.pdf
|
| 997 |
|
|
|a Business & Accountancy, Faculty
|
| 998 |
|
|
|a Human Resource Management, Degree
|
| 999 |
|
|
|a EBO0000791
|b EBOOK
|c EBOOK
|e Electronic resources
|